| 000 | 00755nam a2200277Ia 4500 | ||
|---|---|---|---|
| 008 | 180523s9999 xx 000 0 und d | ||
| 020 | _a81-8061-207-4 | ||
| 050 | _aMAIN RJ 206 | ||
| 050 | _b.G46 2004 | ||
| 100 | _aGhosh, Shanti. | ||
| 245 | 0 | _aNutrition and child care : | |
| 245 | 2 | _ba practical guide / | |
| 245 | 0 | _cShanti Ghosh. | |
| 250 | _a2nd Edition | ||
| 260 | _aNew Delhi : | ||
| 260 | _bJaypee Brothers Medical Publishers, | ||
| 260 | _c2004 | ||
| 300 | _a232 pages : | ||
| 300 | _c23 cm. | ||
| 500 | _aIncludes index. | ||
| 650 | _aChild care -- health aspects. | ||
| 650 | _aChild care -- Safety measures. | ||
| 650 | _aChild care. | ||
| 650 | _xChildren -- Health and hygiene. | ||
| 650 | _xChildren -- Nutrition. | ||
| 999 |
_c357652 _d357652 |
||